[Event "Kirov Smetanin Memorial 1st"]
[Site "Kirov"]
[Date "2017.11.23"]
[Round "4"]
[White "Shuljya, Alexander"]
[Black "Shurakov, Denis"]
[Result "0-1"]
[WhiteElo "1723"]
[BlackElo "2189"]
[PlyCount "90"]
[EventDate "2017.11.11"]
[EventType "tourn"]
[EventRounds "7"]
[EventCountry "RUS"]
[SourceTitle "EXT 2019"]
[Source "ChessBase"]
[SourceDate "2018.10.10"]
[SourceVersion "1"]
[SourceVersionDate "2018.10.10"]
[SourceQuality "1"]

1. c4 Nf6 2. d4 e6 3. Nc3 d5 4. Nf3 c5 5. e3 Nc6 6. Be2 dxc4 7. Bxc4 Be7 8. 0-0 0-0 9. a3 cxd4 10. exd4 b6 11. Be3 Bb7 12. Rc1 Rc8 13. Ba2 Qd7 14. Qe2 Rfd8 15. Rfd1 Qe8 16. d5 exd5 17. Nxd5 Nxd5 18. Bxd5 Bf6 19. Qb5 Na5 20. Qxe8+ Rxe8 21. Bxb7 Nxb7 22. Nd4 Na5 23. b4 Nc4 24. Rd3 Bxd4 25. Bxd4 Red8 26. g3 f6 27. Rcd1 Kf7 28. a4 Rd5 29. Bc3 Rxd3 30. Rxd3 Ke6 31. Kg2 g6 32. f4 f5 33. Kf3 Nd6 34. Be5 Ne4 35. Rd4 g5 36. Bg7 g4+ 37. Kg2 Rc2+ 38. Kg1 Nd2 39. Rd8 Nf3+ 40. Kf1 Nxh2+ 41. Kg1 Nf3+ 42. Kf1 h5 43. Be5 h4 44. gxh4 g3 45. Rg8 Rf2# 0-1

[Event "Kirov Shakhov Memorial-B 2nd"]
[Site "Kirov"]
[Date "2014.12.28"]
[Round "3"]
[White "Shurakov, Denis"]
[Black "Sumachev, Dmitry"]
[Result "1/2-1/2"]
[WhiteElo "2260"]
[BlackElo "2170"]
[PlyCount "87"]
[EventDate "2014.12.27"]
[EventType "swiss"]
[EventRounds "9"]
[EventCountry "RUS"]
[SourceTitle "CBM 164 Extra"]
[Source "ChessBase"]
[SourceDate "2015.03.02"]
[SourceVersion "1"]
[SourceVersionDate "2015.03.02"]
[SourceQuality "1"]

1. e4 c6 2. d4 d5 3. e5 Bf5 4. Nc3 e6 5. g4 Bg6 6. Nge2 Bb4 7. h4 h6 8. Nf4 Ne7 9. Nxg6 Nxg6 10. h5 Ne7 11. Bd2 Nd7 12. f4 Qb6 13. a3 Bxc3 14. Bxc3 c5 15. Qd2 Nc6 16. 0-0-0 Rc8 17. Kb1 cxd4 18. Bxd4 Nxd4 19. Qxd4 Qxd4 20. Rxd4 Ke7 21. Be2 Nb6 22. Rg1 f6 23. exf6+ gxf6 24. Rg3 Rhg8 25. Rb3 Rc7 26. a4 Kd6 27. a5 Nd7 28. c4 Rgc8 29. cxd5 Rc1+ 30. Ka2 e5 31. fxe5+ fxe5 32. Rd1 Rxd1 33. Bxd1 Nc5 34. Rc3 Rf8 35. Bc2 Rf4 36. Rg3 e4 37. g5 hxg5 38. Rxg5 Rh4 39. b4 Nd7 40. Kb3 Nf6 41. Rg6 Ke5 42. Rg5+ Kd6 43. Rg6 Ke5 44. Rg5+ 1/2-1/2

[Event "Kirov-ch"]
[Site "Kirov"]
[Date "2014.04.04"]
[Round "3"]
[White "Kharitonov, Alexei"]
[Black "Shurakov, Denis"]
[Result "1-0"]
[WhiteElo "2303"]
[BlackElo "2259"]
[PlyCount "103"]
[EventDate "2014.04.02"]
[EventType "swiss"]
[EventRounds "9"]
[EventCountry "RUS"]
[SourceTitle "EXT 2016"]
[Source "ChessBase"]
[SourceDate "2015.10.08"]
[SourceVersion "1"]
[SourceVersionDate "2015.10.08"]
[SourceQuality "1"]

1. d4 Nf6 2. Nf3 g6 3. c4 Bg7 4. Nc3 d5 5. cxd5 Nxd5 6. e4 Nxc3 7. bxc3 0-0 8. Rb1 c5 9. Be2 cxd4 10. cxd4 Qa5+ 11. Bd2 Qxa2 12. 0-0 b6 13. Bg5 Ba6 14. Bxa6 Qxa6 15. Bxe7 Re8 16. Bd6 Nc6 17. e5 Qc4 18. Re1 f6 19. Qd2 Rad8 20. Rbc1 Qd5 21. Qf4 f5 22. h4 h5 23. Qg3 Nxd4 24. Nxd4 Qxd4 25. Qb3+ Kh8 26. Qf7 Rc8 27. Rc7 Rg8 28. Rxa7 Rc2 29. Rf1 Kh7 30. Be7 Qc4 31. Qxc4 Rxc4 32. Rd1 Rgc8 33. Bf6 R4c7 34. Rd7 Rxa7 35. Rxa7 Rg8 36. f4 Kh6 37. Bg5+ Kh7 38. Kf2 Kh8 39. Rb7 Rc8 40. Rxb6 Rc2+ 41. Ke3 Kh7 42. Rb7 Kg8 43. Kd4 Rxg2 44. Kd5 Rd2+ 45. Ke6 Ra2 46. Rb8+ Kh7 47. Rd8 Ra6+ 48. Kf7 Ra7+ 49. Be7 Rb7 50. e6 Bc3 51. Rd7 Rb5 52. Bd6 1-0

[Event "Kirov-ch"]
[Site "Kirov"]
[Date "2014.04.02"]
[Round "1"]
[White "Sitchikhin, Sergey"]
[Black "Shurakov, Denis"]
[Result "0-1"]
[WhiteElo "1993"]
[BlackElo "2259"]
[PlyCount "54"]
[EventDate "2014.04.02"]
[EventType "swiss"]
[EventRounds "9"]
[EventCountry "RUS"]
[SourceTitle "EXT 2016"]
[Source "ChessBase"]
[SourceDate "2015.10.08"]
[SourceVersion "1"]
[SourceVersionDate "2015.10.08"]
[SourceQuality "1"]

1. d4 Nf6 2. Nf3 g6 3. Bf4 Bg7 4. e3 0-0 5. c4 c5 6. Nc3 cxd4 7. exd4 d5 8. Qb3 dxc4 9. Bxc4 Nc6 10. Be3 Na5 11. Qb4 Nxc4 12. Qxc4 Be6 13. Qb4 b6 14. Rc1 a5 15. Qa3 Bc4 16. Ne5 Ba6 17. Nc6 Qd7 18. Nxe7+ Kh8 19. Na4 Rfe8 20. Nc6 Qg4 21. Nc3 Qxg2 22. Kd2 Qxc6 23. Qb3 Ne4+ 24. Nxe4 Qxe4 25. Rhe1 Bxd4 26. Bh6 Qh4 27. Be3 Bxe3+ 0-1

[Event "Nezhmetdinov Memorial 34th"]
[Site "Kazan"]
[Date "2012.10.04"]
[Round "9.17"]
[White "Makhmutov, Rail"]
[Black "Shurakov, Denis"]
[Result "0-1"]
[WhiteElo "2399"]
[BlackElo "2280"]
[PlyCount "76"]
[EventDate "2012.09.25"]
[EventType "swiss"]
[EventRounds "9"]
[EventCountry "RUS"]
[SourceTitle "EXT 2022"]
[Source "ChessBase"]
[SourceDate "2021.10.06"]
[SourceVersion "1"]
[SourceVersionDate "2021.10.06"]
[SourceQuality "1"]

1. Nf3 Nf6 2. c4 g6 3. g3 Bg7 4. Bg2 0-0 5. 0-0 d5 6. cxd5 Nxd5 7. d4 c5 8. dxc5 Na6 9. c6 bxc6 10. Nbd2 Nb6 11. a3 Be6 12. Qc2 c5 13. Rd1 Rc8 14. Ne4 Qe8 15. Nc3 Nb4 16. axb4 cxb4 17. Nd4 bxc3 18. bxc3 Bd7 19. Qd2 a5 20. Ba3 Nc4 21. Qe1 Nxa3 22. Rxa3 a4 23. e4 Rc5 24. Nc2 Qc8 25. Rd3 Bb5 26. Re3 Qc7 27. Bf1 Bd7 28. Nb4 Ra5 29. Rd3 Rc8 30. Nd5 Qc5 31. Nb4 Be6 32. Qd1 Bb3 33. Rxb3 axb3 34. Qxb3 Raa8 35. Rd7 e6 36. Na6 Qc6 37. Bb5 Qxc3 38. Qxc3 Rxc3 0-1

[Event "Nezhmetdinov Memorial 34th"]
[Site "Kazan"]
[Date "2012.09.27"]
[Round "2.22"]
[White "Shurakov, Denis"]
[Black "Yeletsky, Ivan"]
[Result "0-1"]
[WhiteElo "2280"]
[BlackElo "2099"]
[PlyCount "62"]
[EventDate "2012.09.25"]
[EventType "swiss"]
[EventRounds "9"]
[EventCountry "RUS"]
[SourceTitle "EXT 2022"]
[Source "ChessBase"]
[SourceDate "2021.10.06"]
[SourceVersion "1"]
[SourceVersionDate "2021.10.06"]
[SourceQuality "1"]

1. Nf3 d5 2. d4 c6 3. c4 e6 4. Qc2 Nf6 5. g3 dxc4 6. Qxc4 b5 7. Qc2 Bb7 8. Bg2 Nbd7 9. 0-0 c5 10. a4 b4 11. Nbd2 Rc8 12. Qd3 cxd4 13. Nxd4 Bxg2 14. Kxg2 Be7 15. Qb5 Rc5 16. Qb7 Rc7 17. Qf3 Ne5 18. Qf4 Ng6 19. Qe3 Ng4 20. Qd3 Rd7 21. e3 e5 22. Qe2 Nxh2 23. Kxh2 exd4 24. exd4 Rxd4 25. Nf3 Rd5 26. Be3 0-0 27. Rad1 Rh5+ 28. Kg2 Qc8 29. Ng1 Re5 30. Rc1 Qd7 31. Nf3 Nf4+ 0-1

[Event "Voronezh op 16th"]
[Site "Voronezh"]
[Date "2012.06.21"]
[Round "9"]
[White "Shurakov, Denis"]
[Black "Kunin, Vitaly L"]
[Result "0-1"]
[WhiteElo "2257"]
[BlackElo "2513"]
[PlyCount "82"]
[EventDate "2012.06.12"]
[EventType "swiss"]
[EventRounds "9"]
[EventCountry "RUS"]
[SourceTitle "CBM 149 Extra"]
[Source "ChessBase"]
[SourceDate "2012.08.24"]
[SourceVersion "1"]
[SourceVersionDate "2012.08.24"]
[SourceQuality "1"]

1. Nf3 Nf6 2. d4 e6 3. g3 c5 4. Bg2 cxd4 5. 0-0 Nc6 6. Nxd4 Qb6 7. Nxc6 bxc6 8. c4 d5 9. Nc3 Bb7 10. e4 dxc4 11. Na4 Qa5 12. Bd2 Bb4 13. Bxb4 Qxb4 14. a3 Qb5 15. Qc2 0-0 16. Rfe1 Rfd8 17. Rad1 c5 18. e5 Bxg2 19. Kxg2 Nd5 20. Nc3 Nxc3 21. Qxc3 Rd3 22. Rxd3 cxd3 23. a4 Qc6+ 24. f3 Qxa4 25. Qxd3 Rb8 26. Re2 h6 27. Qd6 Qb5 28. Rd2 a5 29. f4 c4 30. Kh3 a4 31. Rd4 Ra8 32. Qc7 Qxb2 33. Rxc4 a3 34. Qc6 Qb8 35. Ra4 Ra7 36. Qc2 Qa8 37. Rxa7 Qxa7 38. f5 a2 39. f6 a1Q 40. Qc8+ Kh7 41. fxg7 Qf1+ 0-1

[Event "Voronezh op 16th"]
[Site "Voronezh"]
[Date "2012.06.15"]
[Round "4"]
[White "Fedorov, Alexei"]
[Black "Shurakov, Denis"]
[Result "1-0"]
[WhiteElo "2571"]
[BlackElo "2257"]
[PlyCount "69"]
[EventDate "2012.06.12"]
[EventType "swiss"]
[EventRounds "9"]
[EventCountry "RUS"]
[SourceTitle "CBM 149 Extra"]
[Source "ChessBase"]
[SourceDate "2012.08.24"]
[SourceVersion "1"]
[SourceVersionDate "2012.08.24"]
[SourceQuality "1"]

1. e4 e5 2. Nf3 Nc6 3. Bb5 Nge7 4. c3 a6 5. Ba4 g6 6. d4 exd4 7. cxd4 b5 8. Bb3 Bg7 9. d5 Na5 10. Bd2 Nxb3 11. Qxb3 d6 12. Bc3 0-0 13. Bxg7 Kxg7 14. 0-0 c5 15. dxc6 d5 16. Qc3+ f6 17. Nbd2 dxe4 18. Nxe4 Qd5 19. Nd4 Nf5 20. Nxf5+ Bxf5 21. Ng3 Be6 22. b3 Rac8 23. Rac1 Rfd8 24. Rfe1 Kf7 25. h3 h5 26. Rc2 Qd3 27. Qc5 Qd4 28. Qa3 h4 29. Ne4 Qd3 30. Rd2 Qxd2 31. Nxd2 Rxd2 32. Qxa6 Re8 33. Qb7+ Re7 34. Rxe6 Kxe6 35. c7 1-0

[Event "Voronezh op 16th"]
[Site "Voronezh"]
[Date "2012.06.14"]
[Round "3"]
[White "Shurakov, Denis"]
[Black "Sergienko, Sergey"]
[Result "0-1"]
[WhiteElo "2257"]
[BlackElo "2402"]
[PlyCount "112"]
[EventDate "2012.06.12"]
[EventType "swiss"]
[EventRounds "9"]
[EventCountry "RUS"]
[SourceTitle "CBM 149 Extra"]
[Source "ChessBase"]
[SourceDate "2012.08.24"]
[SourceVersion "1"]
[SourceVersionDate "2012.08.24"]
[SourceQuality "1"]

1. Nf3 Nf6 2. d4 d6 3. c4 Nbd7 4. Nc3 e5 5. e4 Be7 6. Be2 0-0 7. 0-0 c6 8. b3 Qc7 9. Bb2 Re8 10. Re1 a6 11. Rc1 Nf8 12. h3 Ng6 13. Bf1 Bd7 14. c5 exd4 15. cxd6 Bxd6 16. Qxd4 Ne5 17. Nd2 c5 18. Qe3 Nc6 19. Nc4 Bh2+ 20. Kh1 Bf4 21. Qxc5 Bxc1 22. Bxc1 Be6 23. Be3 Rad8 24. f4 Bxc4 25. bxc4 Nxe4 26. Nxe4 Rxe4 27. Rb1 Qe7 28. Qxe7 Nxe7 29. Bf2 Rxf4 30. Bg3 Rf5 31. Be2 h5 32. Rxb7 Ng6 33. Bf3 Rd2 34. a4 Ra2 35. Rb4 Kh7 36. Bd6 Rg5 37. c5 Ne5 38. Bxe5 Rxe5 39. c6 Rc5 40. h4 g6 41. Kh2 Kg7 42. Kg3 Ra3 43. Kh2 Rc1 44. Bd5 Rc5 45. Bf3 Rac3 46. Rb6 R5c4 47. Rxa6 Rxh4+ 48. Kg3 Rhc4 49. Kh2 g5 50. Ra7 Kg6 51. Bd5 Rh4+ 52. Kg1 Rf4 53. Rd7 g4 54. Kh2 h4 55. g3 hxg3+ 56. Kg1 Rf2 0-1

[Event "Privolzhskogo FO-ch"]
[Site "Kazan"]
[Date "2012.03.06"]
[Round "9"]
[White "Shurakov, Denis"]
[Black "Glidzhain, Gor Mikhailovich"]
[Result "1/2-1/2"]
[WhiteElo "2222"]
[BlackElo "2381"]
[PlyCount "90"]
[EventDate "2012.02.26"]
[EventType "swiss"]
[EventRounds "9"]
[EventCountry "RUS"]
[SourceTitle "CBM 147 Extra"]
[Source "ChessBase"]
[SourceDate "2012.04.24"]
[SourceVersion "1"]
[SourceVersionDate "2012.04.24"]
[SourceQuality "1"]

1. e4 c5 2. Nf3 d6 3. d4 cxd4 4. Nxd4 Nf6 5. Nc3 a6 6. f3 e5 7. Nb3 Be6 8. Be3 Be7 9. Qd2 0-0 10. 0-0-0 Nbd7 11. g4 b5 12. g5 Ne8 13. Nd5 Bxd5 14. exd5 b4 15. h4 a5 16. Kb1 a4 17. Nc1 Qa5 18. Nd3 b3 19. Qxa5 bxa2+ 20. Kxa2 Rxa5 21. Nb4 Bd8 22. Nc6 Ra8 23. Nxd8 Rxd8 24. Bb5 f6 25. Rhf1 fxg5 26. hxg5 Nc5 27. Bxc5 dxc5 28. Bxa4 Ra8 29. b3 Nd6 30. Kb2 Rf5 31. Bc6 Rb8 32. Rde1 c4 33. Kc3 cxb3 34. cxb3 Rxg5 35. b4 h5 36. b5 Nxb5+ 37. Kc4 Nd6+ 38. Kc5 Rd8 39. f4 exf4 40. Rxf4 Rf5 41. Rh4 Kf7 42. Ra4 Nc8 43. Ra8 h4 44. Rh1 g5 45. Kd4 Rf8 1/2-1/2

[Event "Privolzhskogo FO-ch"]
[Site "Kazan"]
[Date "2012.03.04"]
[Round "7"]
[White "Yatzenko, Anton"]
[Black "Shurakov, Denis"]
[Result "0-1"]
[WhiteElo "2377"]
[BlackElo "2222"]
[PlyCount "84"]
[EventDate "2012.02.26"]
[EventType "swiss"]
[EventRounds "9"]
[EventCountry "RUS"]
[SourceTitle "CBM 147 Extra"]
[Source "ChessBase"]
[SourceDate "2012.04.24"]
[SourceVersion "1"]
[SourceVersionDate "2012.04.24"]
[SourceQuality "1"]

1. e4 e5 2. Nf3 Nc6 3. Bb5 Nge7 4. c3 a6 5. Ba4 g6 6. d4 exd4 7. cxd4 b5 8. Bb3 Bg7 9. 0-0 0-0 10. Nc3 Na5 11. Bc2 d6 12. Bg5 h6 13. Bh4 g5 14. Bg3 f5 15. exf5 Bxf5 16. Rc1 Qd7 17. Re1 Rae8 18. Ne4 Nd5 19. Nc3 Ne7 20. h4 g4 21. Nh2 Bxc2 22. Qxc2 Nf5 23. Nxg4 Nxg3 24. Qg6 Rxe1+ 25. Rxe1 Nf5 26. Re6 Kh8 27. Nd5 Qf7 28. h5 Qxg6 29. Rxg6 c6 30. Nc7 Rf7 31. Ne8 Nb7 32. Kh2 Bxd4 33. Nxh6 Nxh6 34. Rxh6+ Rh7 35. Re6 Rxh5+ 36. Kg3 Re5 37. Rh6+ Kg8 38. Nxd6 Nxd6 39. Rxd6 c5 40. b4 Re2 41. bxc5 Be5+ 42. Kf3 Bxd6 0-1

[Event "Privolzhskogo FO-ch"]
[Site "Kazan"]
[Date "2012.03.02"]
[Round "5"]
[White "Shurakov, Denis"]
[Black "Elistratov, Semen"]
[Result "1-0"]
[WhiteElo "2222"]
[BlackElo "1902"]
[PlyCount "67"]
[EventDate "2012.02.26"]
[EventType "swiss"]
[EventRounds "9"]
[EventCountry "RUS"]
[SourceTitle "CBM 147 Extra"]
[Source "ChessBase"]
[SourceDate "2012.04.24"]
[SourceVersion "1"]
[SourceVersionDate "2012.04.24"]
[SourceQuality "1"]

1. e4 c5 2. Nf3 d6 3. d4 cxd4 4. Nxd4 Nf6 5. Nc3 a6 6. f3 e5 7. Nb3 Be6 8. Be3 Be7 9. Qd2 0-0 10. 0-0-0 Nbd7 11. g4 b5 12. g5 b4 13. gxf6 bxc3 14. Qxc3 Nxf6 15. Na5 Rc8 16. Nc6 Qe8 17. Nxe7+ Qxe7 18. Qb4 Rc6 19. Kb1 Qc7 20. Bd3 Rb8 21. Qa3 d5 22. exd5 Nxd5 23. Bd2 a5 24. Be4 Nb4 25. Bxc6 Nxc6 26. Bc3 h6 27. Qd6 Qb7 28. Bxe5 Qb5 29. Bc3 Qc4 30. Kc1 Rc8 31. a3 Qa2 32. Qg3 g6 33. Qh4 Nb4 34. Qf6 1-0

[Event "Privolzhskogo FO-ch"]
[Site "Kazan"]
[Date "2012.03.01"]
[Round "4"]
[White "Skomorokhin, Roman"]
[Black "Shurakov, Denis"]
[Result "1/2-1/2"]
[WhiteElo "2376"]
[BlackElo "2222"]
[PlyCount "124"]
[EventDate "2012.02.26"]
[EventType "swiss"]
[EventRounds "9"]
[EventCountry "RUS"]
[SourceTitle "CBM 147 Extra"]
[Source "ChessBase"]
[SourceDate "2012.04.24"]
[SourceVersion "1"]
[SourceVersionDate "2012.04.24"]
[SourceQuality "1"]

1. d4 Nf6 2. c4 e6 3. g3 d5 4. Nf3 dxc4 5. Qa4+ Bd7 6. Qxc4 c5 7. Bg2 Nc6 8. dxc5 Qa5+ 9. Nbd2 Qxc5 10. 0-0 Rc8 11. a3 b5 12. Qxc5 Bxc5 13. b4 Bb6 14. Bb2 Ke7 15. e4 a5 16. h3 Rhd8 17. Rfb1 a4 18. e5 Nd5 19. Ne4 Na7 20. Nd4 f6 21. exf6+ gxf6 22. Rd1 e5 23. Nf3 Be6 24. Rac1 Rxc1 25. Rxc1 Rc8 26. Bf1 Rxc1 27. Bxc1 Bd7 28. g4 Nc8 29. Bd3 Nf4 30. Bxf4 exf4 31. Nc3 Bc6 32. Nd2 Nd6 33. Bxh7 Bd4 34. Ncb1 f5 35. g5 Kf7 36. Kf1 Kg7 37. g6 Ne4 38. Nf3 Bf6 39. Ke2 Nc3+ 40. Nxc3 Bxf3+ 41. Kd2 Bc6 42. Ne2 f3 43. Ng3 Bg5+ 44. Kd3 Be4+ 45. Kd4 Bh4 46. Nh1 Kf6 47. Kc5 Bd3 48. Kd4 Bf1 49. Ke3 Bc4 50. Ng3 Bg5+ 51. Kxf3 Bc1 52. Nh5+ Kg5 53. g7 Kxh5 54. g8Q Bxg8 55. Bxg8 Bxa3 56. Be6 Bxb4 57. Bxf5 Bc5 58. Bd7 a3 59. Be6 Kh4 60. Ke2 Bxf2 61. Kxf2 a2 62. Bxa2 Kxh3 1/2-1/2